000 00704nam a22002417a 4500
003 dpl
005 20180522154723.0
008 180522b xxu||||| |||| 00| 0 eng d
010 _aA-760028, A-760032
020 _c00.00
035 _aA-760028
037 _bCen Lib/Ret
040 _aDPL
_bEN
_c0
082 _a954
_bTYA
100 _aTyagi, Narendra Kumar
_928019
245 _aRediscovering India /
_cby Narendra Kumar Tyagi
260 _aBombay
_bBhartiya Vidya Bhavan
_c1995
270 _aKulpati Munshi Marg
_bBombay
_e400007
300 _axii,311p.
_c20cm(Hb)
650 _aPolitical science
_928020
650 _aMoral conditions
_928021
942 _2ddc
_cEN
_h954
_mTYA
999 _c129998
_d129998